Countries that Start and End with A - One Minute Sprint - Statistics

General Stats
  • This quiz has been taken 364 times
  • The average score is 8 of 9
Answer Stats
Country % Correct
Australia
92%
Austria
91%
Armenia
87%
Angola
86%
Albania
85%
Algeria
85%
Andorra
84%
Argentina
81%
Antigua and Barbuda
78%
No matching quizzes found
Score Distribution
Percent of People with Each Score
Percentile by Number Answered
Your Score History
You have not taken this quiz